000 00622nam a2200205Ia 4500
001 3398
003 GE_BSU
008 181216s||||||||xx |||||||||||||| ||und||
040 _cGE_BSU
080 _a66.023(075.8)
100 _aАлександров,И.А.
245 _aРекфикационные и абсорбционные аппараты.Методы расчета и основы конструирования.
245 _cРед.Степанова.
250 _a3-е изд. перераб.
260 _aМ.
260 _bХимия.
260 _c1978.
300 _a280стр.21см.
942 _cBK
999 _c37439
_d37439